Les 30 joueurs les mieux valorisés de Bundesliga en 2026 - Statistiques

Statistiques générales
  • Ce quiz a été pris 158 fois
    62 depuis la dernière actualisation
  • Le résultat moyen est 15 sur 33
Statistiques - réponses
Rang Valeur Club Nationalité Joueur % Correct
7 65 M Bayern Munich Angleterre Harry Kane
98%
1 140 M Bayern Munich France Michael Olise
96%
5 70 M Bayern Munich France Dayot Upamecano
91%
2 120 M Bayern Munich Allemagne Jamal Musiala
87%
- 70 M Bayern Munich Colombie Luis Díaz
87%
- 40 M Bayern Munich Allemagne Joshua Kimmich
84%
- 50 M Bayern Munich Canada Alphonso Davies
71%
3 75 M RB Leipzig Côte d'Ivoire Yan Diomande
67%
- 40 M Borussia Dortmund Guinée Serhou Guirassy
65%
- 75 M Bayern Munich Allemagne Alexandar Pavlovic
58%
- 60 M Bayern Munich Allemagne Lennart Karl
56%
- 40 M Borussia Dortmund Suisse Gregor Kobel
55%
11 50 M Borussia Dortmund Allemagne Karim Adeyemi
55%
10 55 M Borussia Dortmund Allemagne Nico Schlotterbeck
53%
- 40 M Bayern Munich Sénégal Nicolas Jackson
51%
- 35 M Bayern Munich Croatie Josip Stanisic
45%
- 45 M RB Leipzig France Castello Lukeba
44%
- 35 M Bayer Leverkusen Burkina Faso Edmond Tapsoba
44%
- 40 M Bayer Leverkusen Algérie Ibrahim Maza
44%
- 50 M Borussia Dortmund Allemagne Felix Nmecha
33%
- 40 M Bayer Leverkusen Cameroun Christian Kofane
31%
13 45 M Eintracht Francfort Turquie Can Uzun
29%
- 45 M Bayer Leverkusen Angleterre Jarell Quansah
29%
8 60 M Hambourg Croatie Luka Vušković
27%
- 45 M Stuttgart Allemagne Angelo Stiller
25%
- 40 M Borussia Dortmund Allemagne Maximilian Beier
24%
- 35 M Hoffenheim Côte d'Ivoire Bazoumana Touré
20%
18 40 M Stuttgart Allemagne Jamie Leweling
15%
- 35 M Cologne Allemagne Said El Mala
15%
27 35 M Mayence Allemagne Jonathan Burkardt
13%
- 40 M Bayern Munich Allemagne Tom Bischof
11%
- 35 M Fribourg Suisse Johan Manzambi
9%
- 35 M Eintracht Francfort Allemagne Nathaniel Brown
4%
Aucun quiz correspondant
Distribution des résultats
% des personnes avec chaque résultat
Percentile par nombre de réponses
Votre historique - résultats
Vous n’avez pas pris ce quiz depuis la dernière actualisation